| 000 | 00660nam a2200193Ia 4500 | ||
|---|---|---|---|
| 008 | 151119s9999||||xx |||||||||||||| ||und|| | ||
| 082 | _a928.9146 | ||
| 082 | _bGKKV25602 | ||
| 100 | _aघारे दीपक | ||
| 245 | _aचि.त्र्यं. खानोलकर ललित चरित्र | ||
| 260 | _a-- | ||
| 260 | _b-- | ||
| 260 | _c1988 | ||
| 600 | _aघारे दीपक | ||
| 630 | _aचि.त्र्यं. खानोलकर ललित चरित्र | ||
| 700 | _aघारे दीपक | ||
| 730 | _aचि.त्र्यं. खानोलकर ललित चरित्र | ||
| 942 | _cBOOK | ||
| 999 |
_c1078112 _d1078109 |
||